<?xml version="1.0" encoding="UTF-8"?>
<record
    xmlns:xsi="http://www.w3.org/2001/XMLSchema-instance"
    xsi:schemaLocation="http://www.loc.gov/MARC21/slim http://www.loc.gov/standards/marcxml/schema/MARC21slim.xsd"
    xmlns="http://www.loc.gov/MARC21/slim">

  <leader>02550cam a22003015a 4500</leader>
  <controlfield tag="001">18098772</controlfield>
  <controlfield tag="005">20201128021536.0</controlfield>
  <controlfield tag="008">140401t2013    njua   frb    001 0 eng d</controlfield>
  <datafield tag="020" ind1=" " ind2=" ">
    <subfield code="a">9781118548363 (hbk.)</subfield>
  </datafield>
  <datafield tag="040" ind1=" " ind2=" ">
    <subfield code="a">DLC</subfield>
    <subfield code="c">DLC</subfield>
    <subfield code="b">eng</subfield>
    <subfield code="d">EG-ScBUE</subfield>
  </datafield>
  <datafield tag="082" ind1="0" ind2="4">
    <subfield code="2">22</subfield>
    <subfield code="a">658.4092</subfield>
    <subfield code="b">BLU</subfield>
  </datafield>
  <datafield tag="100" ind1="1" ind2=" ">
    <subfield code="a">Blumberg, Matt.</subfield>
    <subfield code="9">38846</subfield>
  </datafield>
  <datafield tag="245" ind1="1" ind2="0">
    <subfield code="a">Startup CEO :</subfield>
    <subfield code="b">a field guide to scaling up your business /</subfield>
    <subfield code="c">Matt Blumberg, Hanny Hindi.</subfield>
  </datafield>
  <datafield tag="260" ind1=" " ind2=" ">
    <subfield code="a">Hoboken :</subfield>
    <subfield code="b">John Wiley &amp; Sons,</subfield>
    <subfield code="c">c.2013.</subfield>
  </datafield>
  <datafield tag="300" ind1=" " ind2=" ">
    <subfield code="a">xxiv, 374 p. :</subfield>
    <subfield code="b">ill. ;</subfield>
    <subfield code="c">24 cm.</subfield>
  </datafield>
  <datafield tag="490" ind1="0" ind2=" ">
    <subfield code="a">Startup revolution</subfield>
  </datafield>
  <datafield tag="500" ind1=" " ind2=" ">
    <subfield code="a">Index : p. 367-372.</subfield>
  </datafield>
  <datafield tag="504" ind1=" " ind2=" ">
    <subfield code="a">Bibliography : p. 361-363.
</subfield>
  </datafield>
  <datafield tag="505" ind1="0" ind2=" ">
    <subfield code="a">Part One: Storytelling -- Dream the possible dream ; Defining and testing the story ; Telling the story to your investors ; Telling the story to your team ; Revising the story ; Bringing the story to life -- Part Two: Building the company's human capital -- Fielding a great team ; The CEO as functional supervisor ; Crafting your company's culture ; The hiring challenge ; Every day in every way, we get a little better ; Compensation ; Promoting ; Rewarding: "It's the little things" that matter ; Managing remote offices and employees ; Firing: when it's not working -- Part Three: Execution -- Creating a company operating system ; Creating your operating plan and setting goals ; Making sure there's enough money in the bank ; The good, the bad and the ugly of financing ; When and how to raise money ; Forecasting and budgeting ; Collecting data ; Managing in tough times ; Meeting routines ; driving alignment ; Have you learned your lesson? ; Going global ; The role of M&amp;A ; Competition ; Failure -- Part Four: Building and leading a board of directors -- The value of a good board ; Building your board ; Board meeting materials ; Running effective board meetings ; Non-board meeting time ; Decision making and the board ; Working with the board on your compensation and review ; Serving on other boards -- Part Five: Managing yourself so you can manage others -- Creating a personal operating system ; Working with an executive assistant ; Working with a coach ; The importance of peer groups ; Staying fresh ; Your family ; Traveling ; Taking stock.</subfield>
  </datafield>
  <datafield tag="650" ind1=" " ind2="0">
    <subfield code="a">Chief executive officers.</subfield>
    <subfield code="2">BUEsh</subfield>
  </datafield>
  <datafield tag="650" ind1=" " ind2="7">
    <subfield code="a">New business enterprises</subfield>
    <subfield code="9">33316</subfield>
    <subfield code="x">Management.</subfield>
    <subfield code="2">BUEsh</subfield>
  </datafield>
  <datafield tag="650" ind1=" " ind2="7">
    <subfield code="a">Executive ability.</subfield>
    <subfield code="2">BUEsh</subfield>
    <subfield code="9">11399</subfield>
  </datafield>
  <datafield tag="650" ind1=" " ind2="7">
    <subfield code="a">Small business</subfield>
    <subfield code="x">Management.</subfield>
    <subfield code="2">BUEsh</subfield>
    <subfield code="9">238</subfield>
  </datafield>
  <datafield tag="651" ind1=" " ind2=" ">
    <subfield code="2">BUEsh</subfield>
  </datafield>
  <datafield tag="653" ind1=" " ind2=" ">
    <subfield code="b">BUSADM</subfield>
    <subfield code="c">August2015</subfield>
    <subfield code="c">December2015</subfield>
  </datafield>
  <datafield tag="700" ind1="1" ind2=" ">
    <subfield code="a">Hindi, Hanny.</subfield>
  </datafield>
  <datafield tag="942" ind1=" " ind2=" ">
    <subfield code="2">ddc</subfield>
  </datafield>
  <datafield tag="999" ind1=" " ind2=" ">
    <subfield code="c">20704</subfield>
    <subfield code="d">20676</subfield>
  </datafield>
  <datafield tag="952" ind1=" " ind2=" ">
    <subfield code="0">0</subfield>
    <subfield code="1">0</subfield>
    <subfield code="2">ddc</subfield>
    <subfield code="4">0</subfield>
    <subfield code="7">0</subfield>
    <subfield code="8">Baccah</subfield>
    <subfield code="a">MAIN</subfield>
    <subfield code="b">MAIN</subfield>
    <subfield code="c">1ST</subfield>
    <subfield code="d">2015-08-24</subfield>
    <subfield code="e">Purchase</subfield>
    <subfield code="g">212.00</subfield>
    <subfield code="h">23317</subfield>
    <subfield code="l">1</subfield>
    <subfield code="m">1</subfield>
    <subfield code="o">658.4092 BLU</subfield>
    <subfield code="p">000039754</subfield>
    <subfield code="r">2025-07-15 00:00:00</subfield>
    <subfield code="s">2024-12-10</subfield>
    <subfield code="v">265.00</subfield>
    <subfield code="y">BB</subfield>
  </datafield>
</record>
